| 000 | 01265nam a2200313Ia 4500 | ||
|---|---|---|---|
| 001 | ebr10634624 | ||
| 003 | CaPaEBR | ||
| 006 | m u | ||
| 007 | cr cn||||||||| | ||
| 008 | 120806s2013 nyu sb 001 0 eng d | ||
| 010 | _z 2012027779 | ||
| 020 | _z9781433120831 (hardcover : alk. paper) | ||
| 020 | _z9781453909454 (e-book) | ||
| 040 |
_aCaPaEBR _cCaPaEBR |
||
| 035 | _a(OCoLC)822894138 | ||
| 050 | 1 | 4 |
_aBS1245.52 _b.C44 2013eb |
| 100 | 1 |
_aChen, Kevin, _d1979- |
|
| 245 | 1 | 0 |
_aEschatological sanctuary in Exodus 15:17 and related texts _h[electronic resource] / _cKevin Chen. |
| 260 |
_aNew York : _bP. Lang, _cc2013. |
||
| 300 | _a158 p. | ||
| 490 | 0 |
_aStudies in biblical literature, _x1089-0645 ; _vv. 154 |
|
| 504 | _aIncludes bibliographical references and index. | ||
| 533 |
_aElectronic reproduction. _bPalo Alto, Calif. : _cebrary, _d2013. _nAvailable via World Wide Web. _nAccess may be limited to ebrary affiliated libraries. |
||
| 630 | 0 | 0 |
_aBible. _pO.T. _pExodus XV, 17 _xCriticism, interpretation, etc. |
| 650 | 0 | _aEschatology. | |
| 655 | 7 |
_aElectronic books. _2local |
|
| 710 | 2 | _aebrary, Inc. | |
| 856 | 4 | 0 |
_uhttp://site.ebrary.com/lib/rucke/Doc?id=10634624 _zAn electronic book accessible through the World Wide Web; click to view |
| 999 |
_c47890 _d47890 |
||